| 000 | 00993naa a2200265 c 4500 | ||
|---|---|---|---|
| 001 | 47737 | ||
| 003 | ES-MaCES | ||
| 005 | 20160608100744.0 | ||
| 008 | 160608s2016 sp ||||| t||||||| ||spa d | ||
| 040 |
_aES-MaCES _bspa _cES-MaCES _dES-MaCES |
||
| 100 | 1 |
_936958 _aBozzao, Paola |
|
| 245 | 1 | 0 |
_aEmpleo e igualdad de género en la UE _cPaola Bozzao |
| 650 | 4 |
_930649 _aigualdad de oportunidades en el empleo |
|
| 650 | 4 |
_929521 _adiscriminación por razones de sexo |
|
| 650 | 4 |
_928369 _arelaciones laborales |
|
| 650 | 4 |
_928362 _anegociación colectiva |
|
| 650 | 4 |
_928657 _amujeres |
|
| 650 | 4 |
_928413 _atrabajadora |
|
| 650 | 4 |
_930776 _apolítica comunitaria |
|
| 650 | 4 |
_926752 _aUE |
|
| 653 | 1 | 0 | _aMujer |
| 773 | 0 |
_984673 _dSevilla Consejo Andaluz de Relaciones Laborales [2016] _o087574 _tLa política y el Derecho del empleo en la nueva sociedad del trabajo _w(ES-MaCES)47679 _z9788460858188 _gp.355-364 . - SG-2.1.-78 |
|
| 902 | _aARL Artículo de libro | ||
| 942 |
_2CES _cAR _h3.3. |
||
| 999 |
_c47737 _d47737 |
||